书目信息 |
| 题名: |
北京图书馆馆藏革命历史文献简目
|
|
| 作者: | ;北京图书馆善本组 编 | |
| 分册: | ||
| 出版信息: | 北京 书目文献出版社 1984 |
|
| 页数: | 630页 | |
| 开本: | 21cm | |
| 丛书名: | ||
| 单 册: | ||
| 中图分类: | Z822.1 | |
| 科图分类: | ||
| 主题词: | 革命史--专题目录 , 图书馆目录 | |
| 电子资源: | ||
| ISBN: | ||
| 000 | 00749nam0 2200253 45 | |
| 001 | 0184007202 | |
| 005 | 20040512163115.8 | |
| 010 | @dCNY2.50 | |
| 091 | @a17201.44 | |
| 100 | @a19950317d1984 em y0chiy0121 ea | |
| 101 | 0 | @achi |
| 102 | @aCN@b110000 | |
| 105 | @ay b 000yy | |
| 106 | @ar | |
| 200 | 10 | @a北京图书馆馆藏革命历史文献简目@Abei jing tu shu guan guan cang ge mingli shi wen xian jian mu@f北京图书馆善本组编 |
| 210 | @a北京@c书目文献出版社@d1984 | |
| 215 | @a630页@d21cm | |
| 606 | @a革命史@x专题目录 | |
| 606 | 0 | @a图书馆目录 |
| 690 | @aZ822.1@v3 | |
| 711 | 02 | @a北京图书馆善本组@Abei jing tu shu guan shan ben zu@4编 |
| 801 | 0 | @aCN@b上海图书馆@c20040512 |
| 801 | 2 | @aCN@bNLC@c20040512 |
| 905 | @f2@b120644-645@dZ822.1@e3 | |
| 北京图书馆馆藏革命历史文献简目/北京图书馆善本组编.-北京:书目文献出版社,1984 |
| 630页;21cm |
| ISBN :CNY2.50 |
| ● |
| 相关链接 |
|
|
|
|
正题名:北京图书馆馆藏革命历史文献简目
索取号:Z822.1/3
 
预约/预借
| 序号 | 登录号 | 条形码 | 馆藏地/架位号 | 状态 | 备注 |
| 1 | 0120644 | 001557675 | 第三借阅区/ [索取号:Z822.1/3] | 在馆 | |
| 2 | 0120645 | 001557666 | 第三借阅区/ [索取号:Z822.1/3] | 在馆 | |
| 3 | 0120646 | 202130942 | 第二样本阅览室/ [索取号:Z822.1/3] | 在馆 |